• 首页
  • 本馆介绍
  • 公告通知
  • 最新文献
  • 馆藏检索
  • 电子资源
  • 读者导购
  • 参考咨询
  • 我的图书馆
  • 登录
  • 详细信息显示
  • 放入我的书架
  • 预约/预借图书
  • 作者相关作品
  • 分类相关作品
  • 丛书相关作品
  • 出版社相关作品

书目信息

  • 表格格式
  • 工作单格式
  • 卡片格式
题名:
民族振兴的希望
    
 
作者: 李连宁 著
分册:  
出版信息: 桂林   广西师范大学出版社  2000
页数: 303页
开本: 20cm
丛书名: 改革:跨世纪的工程
单 册:
中图分类: G521 , G4
科图分类:
主题词: 教育改革--研究--中国 , 教育改革 , 教育
电子资源:
ISBN: 7-5633-2823-8
000 01059oam2 2200289 450
001 1573277261
005 20151110120254.09
010    @a7-5633-2823-8@dCNY12.00
100    @a20000727d2000 emky0chiy0110 ea
101 0  @achi
102    @aCN@b450000
105    @ay z 000yy
200 1  @a民族振兴的希望@9min zu zhen xing de xi wang@e中国教育体制改革的进程与前瞻@f李连宁等著
210    @a桂林@c广西师范大学出版社@d2000
215    @a303页@d20cm
225 2  @a改革:跨世纪的工程
330    @a本书论述了我国教育发展和改革的大背景、基础教育、高等教育、职业教育与成人教育、高校招生及毕业生就业制度等教育方面的改革与发展,探讨了在新形式下,如何全面推进素质教育,并对教育体制改革进行了新的构想。
461  0 @12001 @a改革:跨世纪的工程
517 1  @a中国教育体制改革的进程与前瞻@9zhong guo jiao yu ti zhi gai ge de jin cheng yu qian zhan
606 0  @a教育改革@x研究@y中国
606 0  @a教育改革
606 0  @a教育
690    @aG521@v5
690    @aG4@v4
701  0 @a李连宁@9li lian ning@4著
801  0 @aCN@bTSSF@c20150204
905    @aZUCC@dG4@eJY513
    
    民族振兴的希望:中国教育体制改革的进程与前瞻/李连宁等著.-桂林:广西师范大学出版社,2000
    303页;20cm.-(改革:跨世纪的工程)
    
    
    ISBN 7-5633-2823-8:CNY12.00
    本书论述了我国教育发展和改革的大背景、基础教育、高等教育、职业教育与成人教育、高校招生及毕业生就业制度等教育方面的改革与发展,探讨了在新形式下,如何全面推进素质教育,并对教育体制改革进行了新的构想。
●
相关链接 在E读中查询图书 在五车中查询图书 在当当中查询图书 在豆瓣中查询图书


正题名:民族振兴的希望     索取号:G4/JY513         预约/预借

序号 登录号 条形码 馆藏地/架位号 状态 备注
1 7865670   278656704   学院路分馆/ [索取号:G4/JY513] 在馆    
唐山师范学院图书馆 欢迎您!
大连网信软件有限公司© 版权所有